01001nam a2200241Ia 4500003000900000008004100009020001800050040001600068080002200084110003700106111009200143245017400235260004200409300001500451490002600466650004100492650003300533650003400566700003900600942000700639999001500646952009800661IN-BaIIA211028s9999 xx 000 0 eng d a90-277-0435-X cIIA Library a082.2:52bIAU-S64 aInternational Astronomical Union aInternational Astronomical Union Symposiumn64thcWarshaw, Polandd1973 Sept. 5-897881 0aGravitational radiation and gravitational collapsebproceedings of the IAU symposium No.64 held in Warshaw, Poland, September 5-8, 1973,cedited by Cecile Dewitt-Morette aDordrechtbD. Reidel Publishingc1974 axvi, 223p. aIAU Symposium; no. 64 aAstronomy and Astrophysics Thesaurus aGravitational collapse94482 aGravitational radiation97882 aDewitt-Morette, Cecile., ed.97883 cBK c4501d4501 00104070aBANbBANcGENd1974-09-18l0o082.2:52/ IAU-S64p5026r2021-11-05w1974-09-18yBK